Statistics for Savage's Geography General Knowledge Test

Click here to take the quiz!

General Stats

  • This quiz has been taken 122 times
    (107 since last reset)
  • The average score is 6 of 10

Answer Stats

QuestionAnswer% Correct
Largest state in the United StatesAlaska
93%
This country's capital is BudapestHungary
90%
Capital of TurkeyAnkara
88%
Second most populous countryIndia
86%
The most billionairs are from this countryUnited States
68%
This counrty's capital is MaleMaldives
51%
This is a small British crown dependency between the islands of Great Britain and IrelandIsle of Mann
50%
Highest mountain in the United States (Current Name)Mount Denali
14%
Eleventh largest countryDemocratic Republic of the Congo
9%
Largest province of any country in ScandinaviaGreenland
9%

Score Distribution

Percentile by Number Answered

Percent of People with Each Score

Your Score History

You have not taken this quiz since the last reset